Integrated circuits (Record no. 6524)

000 -LEADER
fixed length control field 00561nam a22001817a 4500
001 - CONTROL NUMBER
control field 6524
003 - CONTROL NUMBER IDENTIFIER
control field BD-dhUET
008 - FIXED-LENGTH DATA ELEMENTS--GENERAL INFORMATION
fixed length control field 141203b xxu||||| |||| 00| 0 eng d
040 ## - CATALOGING SOURCE
Transcribing agency 0
Modifying agency BD-DhUET
082 ## - DEWEY DECIMAL CLASSIFICATION NUMBER
Classification number 623.8173
Item number WAR/1965
245 ## - TITLE STATEMENT
Title Integrated circuits
Remainder of title design principles and fabrication
Statement of responsibility, etc. edited by Raymond . Warner; Associate editor James N.Fordemwalt and Assistant editors Charles S. Meyer
250 ## - EDITION STATEMENT
Edition statement 1st ed.
260 ## - PUBLICATION, DISTRIBUTION, ETC. (IMPRINT)
Place of publication, distribution, etc. New York
Name of publisher, distributor, etc. McGraw-Hill
Date of publication, distribution, etc. 1965
300 ## - PHYSICAL DESCRIPTION
Extent xxix,385p.
650 #0 - SUBJECT ADDED ENTRY--TOPICAL TERM
Topical term or geographic name as entry element Circuits
650 #0 - SUBJECT ADDED ENTRY--TOPICAL TERM
Topical term or geographic name as entry element Electrical engineering
942 ## - ADDED ENTRY ELEMENTS (KOHA)
Koha item type Edited Book
Holdings
Sublocation or collection (holding branch) Koha date last seen Piece designation (barcode) Koha full call number Withdrawn status Date acquired Not for loan Shelving location Location (home branch) Lost status Koha item type Damaged status Copy number Koha normalized classification for sorting Price effective from Source of classification or shelving scheme
Central Library, BUET2014-12-0344380623.8173/WAR/1965 2014-12-03 Circulation sectionCentral Library, BUET Edited Book 1623_000000000000000_8173WAR1962014-12-03 
Central Library, BUET2014-12-0344378623.8173/WAR/1965 2014-12-03 Circulation sectionCentral Library, BUET Edited Book 2623_000000000000000_8173WAR1962014-12-03 
Central Library, BUET2014-12-0339264623.8173/WAR/1965 2014-12-03 Circulation sectionCentral Library, BUET Edited Book 3623_000000000000000_8173WAR1962014-12-03 
Central Library, BUET2014-12-0344379623.8173/WAR/1965 2014-12-03 Circulation sectionCentral Library, BUET Edited Book 4623_000000000000000_8173WAR1962014-12-03 
Central Library, BUET2014-12-0342053623.8173/WAR/1965 2014-12-03 Circulation sectionCentral Library, BUET Edited Book 5623_000000000000000_8173WAR1962014-12-03